00601cam a22002291 4500001001300000003000400013005001700017008004100034010001700075035002000092040001800112042001200130043001200142050002000154100002900174245002500203260001100228300003100239500001400270651007000284999001700354sa 68000497 DLC20260227112424.0890428s1967 ii 000 0 hino  asa 68000497  a(OCoLC)19620184 aDLCcWaUdDLC apremarc aa-ii---00aPK2098.J244bV91 aJain, Mishri Mal,d1915-10aVyaṅgya satasaī. c[1967] a3, 3, 4, 100, 8 p.c19 cm. aIn Hindi. 0aIndiaxPolitics and governmentxAnecdotes, facetiae, satire, etc. c77250d77250